[Event "Euskadi-ch13"]
[Site "Euskadi"]
[Date "1999.??.??"]
[Round "2"]
[White "Gastanares, J."]
[Black "Criado Plaza, Francisco"]
[Result "1-0"]
[WhiteElo "2170"]
[BlackElo "1850"]
[PlyCount "37"]
[EventDate "1999.??.??"]
[Source "www.chesslib.no"]
[SourceDate "2004.05.04"]

1. d4 d5 2. c4 Nf6 3. cxd5 Nxd5 4. Nf3 e6 5. e4 Bb4+ 6. Nbd2 Nf6 7. Qc2 O-O 8. Bd3 Nc6 9. e5 Nh5 10. Bxh7+ Kh8 11. O-O Nxd4 12. Nxd4 Qxd4 13. Nf3 Qc5 14. Qe4 Qe7 15. Bg5 Qe8 16. Bf6 Be7 17. Qh4 Bxf6 18. Qxh5 Bg5 19. Nxg5 1-0

[Event "HUN-chT2 0102"]
[Site "?"]
[Date "2001.12.02"]
[Round "4"]
[White "Szakacs Gabor"]
[Black "Nagy Dani Karoly"]
[Result "1-0"]
[WhiteElo "2010"]
[BlackElo "2002"]
[PlyCount "59"]
[EventDate "2001.??.??"]
[Source "www.chesslib.no"]
[SourceDate "2004.05.04"]

1. d4 d5 2. c4 Nf6 3. cxd5 Nxd5 4. Nf3 e6 5. g3 Bb4+ 6. Bd2 Bxd2+ 7. Qxd2 O-O 8. Bg2 Qe7 9. O-O c6 10. e4 Nc7 11. Nc3 b6 12. Rfe1 Rd8 13. Rad1 Ne8 14. Qc2 Bb7 15. Qa4 Nd7 16. b4 b5 17. Qb3 Nb6 18. d5 exd5 19. exd5 Qf8 20. Ne5 Nxd5 21. Nxd5 cxd5 22. Bxd5 Bxd5 23. Rxd5 Rxd5 24. Qxd5 Nc7 25. Qd7 Qxb4 26. Qxf7+ Kh8 27. Rc1 Ne8 28. Qd5 Qa3 29. Nf7+ Kg8 30. Nh6+ 1-0

[Event "XIII Festival Scacchistico"]
[Site "Cutro ITA"]
[Date "2007.04.25"]
[Round "3"]
[White "Scerbo, Antonio"]
[Black "Valotta, Massimiliano"]
[Result "1-0"]
[WhiteElo "2117"]
[BlackElo "1889"]
[PlyCount "48"]
[EventDate "2007.04.23"]
[Source "www.chesslib.no"]
[SourceDate "2004.05.04"]

1. d4 d5 2. c4 Nf6 3. cxd5 Qxd5 4. Nc3 Qa5 5. Nf3 e6 6. e3 Be7 7. Bd3 Bd7 8. Bd2 Bc6 9. O-O Qh5 10. e4 Bb4 11. Re1 O-O 12. Qb3 Ba5 13. Ne5 Ng4 14. Nxg4 Qxg4 15. d5 exd5 16. exd5 Ba4 17. Qxb7 Nd7 18. Re4 Qf5 19. Rd4 Qf6 20. Rxa4 Nc5 21. Qb5 Nxa4 22. Qxa4 Bb6 23. Ne4 Qe5 24. Bc3 Qf5 1-0

[Event "Corr"]
[Site "?"]
[Date "1996.??.??"]
[Round "?"]
[White "Bush Charles H"]
[Black "Davids Rian"]
[Result "0-1"]
[WhiteElo "2085"]
[BlackElo "1920"]
[PlyCount "98"]
[EventDate "1996.??.??"]
[Source "www.chesslib.no"]
[SourceDate "2004.05.04"]

1. d4 d5 2. c4 Nf6 3. cxd5 Qxd5 4. Nc3 Qd6 5. Nf3 Bf5 6. Bg5 Nbd7 7. e3 e6 8. Nh4 Be4 9. f3 Bc6 10. e4 Qb4 11. Qd2 h6 12. a3 Qe7 13. Bxf6 Qxf6 14. g3 g5 15. Ng2 Bg7 16. O-O-O Qxf3 17. Bc4 Bxe4 18. Ne3 Qxh1 19. Rxh1 Bxh1 20. Qd1 Bc6 21. d5 exd5 22. Ncxd5 Bxd5 23. Qxd5 O-O-O 24. Qxf7 Bd4 25. Nf5 Ne5 26. Qe6+ Kb8 27. Be2 Bxb2+ 28. Kxb2 Rd2+ 29. Kc3 Rxe2 30. Qf6 Re8 31. Qxh6 g4 32. Nd4 Re4 33. Nc2 Nc4 34. Qg6 a6 35. Qh5 Ne3 36. Nb4 c5 37. Nd3 Nd1+ 38. Kd2 c4 39. Nf4 Rd8+ 40. Kc2 c3 41. Qc5 Ne3+ 42. Kb3 c2 43. Ne2 Nc4 44. Nc1 Re3+ 45. Kxc2 Nxa3+ 46. Kb2 Rc8 47. Qd6+ Ka8 48. Qd1 Rc2+ 49. Ka1 Rxc1+ 0-1

[Event "Dudweiler (07.04.-15.04)"]
[Site "?"]
[Date "1995.??.??"]
[Round "4"]
[White "Both Gerhard"]
[Black "Minach Leonid"]
[Result "1/2-1/2"]
[WhiteElo "1985"]
[BlackElo "2020"]
[PlyCount "44"]
[EventDate "1995.??.??"]
[Source "www.chesslib.no"]
[SourceDate "2004.05.04"]

1. d4 d5 2. c4 Nf6 3. cxd5 Nxd5 4. Nf3 e6 5. e4 Bb4+ 6. Bd2 Bxd2+ 7. Qxd2 Nf6 8. Nc3 O-O 9. Bd3 b6 10. Qe2 Bb7 11. Rd1 Nbd7 12. Bb1 Qe7 13. e5 Nd5 14. Nxd5 Bxd5 15. O-O c5 16. dxc5 Nxc5 17. b4 Nd7 18. a3 Bxf3 19. Qxf3 Nxe5 20. Bxh7+ Kxh7 21. Qh5+ Kg8 22. Qxe5 Rfd8 1/2-1/2

[Event "Fide Mercenarios 5th"]
[Site "Mexico City MEX"]
[Date "1995.??.??"]
[Round "7"]
[White "Padilla Liceaga, Jorge"]
[Black "Sanchez, Fernando"]
[Result "1-0"]
[WhiteElo "2000"]
[BlackElo "2000"]
[PlyCount "57"]
[EventDate "1995.??.??"]
[Source "www.chesslib.no"]
[SourceDate "2004.05.04"]

1. d4 d5 2. c4 Nf6 3. cxd5 Nxd5 4. e4 Nf6 5. Nc3 e6 6. Bg5 Be7 7. Nf3 O-O 8. Bd3 Re8 9. Qc2 h6 10. Bxf6 Bxf6 11. e5 Be7 12. O-O-O Bg5+ 13. Kb1 c6 14. h4 Be7 15. g4 Nd7 16. h5 Bg5 17. Nxg5 Qxg5 18. Ne4 Qxg4 19. Rdg1 Qf4 20. Rh3 Kh8 21. Nd6 Re7 22. Rhg3 f5 23. exf6 Nxf6 24. Ne4 Nxe4 25. Bxe4 Bd7 26. Rg4 Qd6 27. Qd2 e5 28. Rg6 Qxd4 29. Qxh6+ 1-0

[Event "WJTC-2 Femenino"]
[Site "Rio de Janeiro"]
[Date "1999.08.30"]
[Round "1"]
[White "Martinez, Lourdes"]
[Black "Ribeiro, Erica"]
[Result "1-0"]
[WhiteElo "2000"]
[BlackElo "2000"]
[PlyCount "33"]
[EventDate "1999.08.30"]
[Source "www.chesslib.no"]
[SourceDate "2004.05.04"]

1. d4 d5 2. c4 Nf6 3. Nc3 Be6 4. Bg5 dxc4 5. e4 Bg4 6. f3 Bd7 7. Bxc4 e6 8. e5 h6 9. exf6 hxg5 10. fxg7 Bxg7 11. Nge2 Bf8 12. Qb3 Bc6 13. d5 exd5 14. Nxd5 Bxd5 15. Bxd5 Nc6 16. Bxf7+ Kd7 17. Qe6# 1-0

[Event "Halle women"]
[Site "Halle GER"]
[Date "1976.??.??"]
[Round "11"]
[White "Winter, Irene"]
[Black "Espig, Gesine"]
[Result "0-1"]
[WhiteElo "2000"]
[BlackElo "2000"]
[PlyCount "80"]
[EventDate "1976.10.17"]
[Source "www.chesslib.no"]
[SourceDate "2004.05.04"]

1. d4 d5 2. c4 Nf6 3. cxd5 Nxd5 4. e4 Nb6 5. Nf3 Bg4 6. Be2 c6 7. Bf4 e6 8. Nc3 Be7 9. O-O O-O 10. Ne5 Bxe2 11. Qxe2 f6 12. Nf3 g5 13. Bxb8 Rxb8 14. d5 Bb4 15. Nd4 exd5 16. Ne6 Qe7 17. exd5 Bxc3 18. bxc3 Nxd5 19. Qg4 Rfe8 20. Rae1 Nf4 21. Nxg5 Ne2+ 22. Rxe2 Qxe2 23. Nf3+ Kh8 24. Qd4 Qe7 25. Nh4 c5 26. Qd2 Rbd8 27. Qf4 Qe5 28. Ng6+ hxg6 29. Qh6+ Kg8 30. Qxg6+ Kf8 31. Qh6+ Ke7 32. Qg7+ Ke6 33. Qxb7 Rd7 34. Qc6+ Ke7 35. f4 Qe3+ 36. Kh1 Red8 37. f5 Rd1 38. Qa6 Rxf1+ 39. Qxf1 Qd2 40. h4 Qd1 0-1

[Event "Corr"]
[Site "?"]
[Date "2000.11.30"]
[Round "?"]
[White "Mende Ingus"]
[Black "Oancea Gheorghe"]
[Result "1-0"]
[WhiteElo "2000"]
[BlackElo "2000"]
[PlyCount "79"]
[EventDate "2000.??.??"]
[Source "www.chesslib.no"]
[SourceDate "2004.05.04"]

1. d4 d5 2. c4 Nf6 3. cxd5 Nxd5 4. e4 Nf6 5. Nc3 e5 6. Nf3 exd4 7. Qxd4 Qxd4 8. Nxd4 c5 9. Ndb5 Na6 10. e5 Nd7 11. Nd5 Rb8 12. Bf4 Nb6 13. Ndc7+ Nxc7 14. Nxc7+ Ke7 15. e6 a6 16. Nxa6 Ra8 17. Nxc5 Bxe6 18. Nxe6 Kxe6 19. Bd3 Nd5 20. Bg3 Bb4+ 21. Ke2 Bd6 22. Bc4 Bxg3 23. hxg3 Rac8 24. Rh4 b5 25. Bxb5 Rc2+ 26. Kf1 Rb8 27. Bc4 Rbxb2 28. Rd1 Rxf2+ 29. Ke1 Kf6 30. Rxd5 Rxg2 31. Rf4+ Ke7 32. Rd1 Rg1+ 33. Rf1 Rbg2 34. Rd3 Rxg3 35. Rxg3 Rxg3 36. Rxf7+ Kd6 37. a4 Rg4 38. Bb5 h5 39. a5 Rg5 40. Rb7 1-0

[Event "Balatonlelle HUN"]
[Site "?"]
[Date "2006.06.19"]
[Round "3.21"]
[White "Horvath Julia"]
[Black "Suller Lorant"]
[Result "1-0"]
[WhiteElo "2261"]
[BlackElo "1736"]
[PlyCount "61"]
[EventDate "2006.??.??"]
[Source "www.chesslib.no"]
[SourceDate "2004.05.04"]

1. d4 d5 2. c4 Nf6 3. cxd5 Qxd5 4. Nc3 Qd8 5. e4 c6 6. Nf3 e6 7. Be2 Bb4 8. Qc2 h6 9. O-O O-O 10. a3 Be7 11. e5 Ne8 12. Bc4 Nd7 13. Ba2 Bg5 14. Nxg5 hxg5 15. Ne4 f6 16. Bxe6+ Rf7 17. exf6 Ndxf6 18. Bxf7+ Kxf7 19. Nxg5+ Kg8 20. Re1 Bg4 21. h3 Bh5 22. g4 Bf7 23. Nxf7 Kxf7 24. g5 Nd5 25. Qf5+ Kg8 26. Qe6+ Kf8 27. Re5 Nd6 28. Bd2 a5 29. Rae1 b6 30. g6 Qc7 31. Rh5 1-0

[Event "12th OPEN KAVALA 2003"]
[Site "?"]
[Date "2003.08.08"]
[Round "1"]
[White "Skembris Spyridon"]
[Black "Akidis Prodromos"]
[Result "1-0"]
[WhiteElo "2443"]
[BlackElo "1550"]
[PlyCount "59"]
[EventDate "2003.??.??"]
[Source "www.chesslib.no"]
[SourceDate "2004.05.04"]

1. d4 d5 2. c4 Nf6 3. cxd5 Qxd5 4. Nc3 Qd8 5. e4 c6 6. h3 e6 7. Nf3 Be7 8. Bd3 b6 9. Qe2 O-O 10. O-O Ne8 11. Bf4 a5 12. Rfd1 Ba6 13. Rac1 Bxd3 14. Rxd3 Na6 15. a3 Nac7 16. Na4 b5 17. Nc5 Bd6 18. Nb7 Qd7 19. Nxd6 Nxd6 20. Ne5 Qe7 21. Nxc6 Qh4 22. Bxd6 Ne8 23. Bxf8 Kxf8 24. d5 exd5 25. exd5 Nd6 26. Qe5 Nc4 27. Rxc4 bxc4 28. Rg3 Qh6 29. Qe7+ Kg8 30. Nd8 1-0

[Event "Niedersachsen-ch"]
[Site "?"]
[Date "2003.04.17"]
[Round "8.6"]
[White "Rick Uwe"]
[Black "Buchholz Ralf"]
[Result "1/2-1/2"]
[WhiteElo "2055"]
[BlackElo "1927"]
[PlyCount "54"]
[EventDate "2003.??.??"]
[Source "www.chesslib.no"]
[SourceDate "2004.05.04"]

1. d4 d5 2. c4 Nf6 3. cxd5 Nxd5 4. e4 Nb6 5. Nc3 e6 6. Nf3 Be7 7. Be2 O-O 8. O-O c5 9. d5 exd5 10. exd5 Bf5 11. a4 Na6 12. a5 Nc8 13. Be3 Nb4 14. Ne1 b6 15. axb6 Nxb6 16. Nd3 Nxd3 17. Bxd3 Bxd3 18. Qxd3 Qd7 19. Rfd1 Rfd8 20. Rd2 Qg4 21. h3 Qb4 22. Qe2 Bf6 23. Rc1 Bd4 24. Bxd4 cxd4 25. Qg4 Nxd5 26. Qxd4 Qxd4 27. Rxd4 Nxc3 1/2-1/2

[Event "Nuremberg"]
[Site "?"]
[Date "2001.06.03"]
[Round "3"]
[White "Andersen Jens Knud"]
[Black "Wrobel Frank"]
[Result "1/2-1/2"]
[WhiteElo "2215"]
[BlackElo "1765"]
[PlyCount "59"]
[EventDate "2001.??.??"]
[Source "www.chesslib.no"]
[SourceDate "2004.05.04"]

1. d4 d5 2. c4 Nf6 3. cxd5 Nxd5 4. e4 Nf6 5. Nc3 c5 6. d5 e5 7. f4 Bd6 8. Nf3 Nbd7 9. f5 a6 10. a4 h6 11. g4 Nxg4 12. Rg1 Nxh2 13. Rxg7 Nxf3+ 14. Qxf3 Be7 15. Qh5 Bh4+ 16. Kd1 Qf6 17. Rg4 Bg5 18. Kc2 b6 19. Bc4 Bb7 20. Bxg5 hxg5 21. Qxg5 O-O-O 22. Qxf6 Nxf6 23. Rg7 Rdf8 24. Be2 Rh2 25. Kd3 Rh3+ 26. Kd2 Rh2 27. Ke3 Ne8 28. Rg3 Rfh8 29. Rag1 Kd7 30. R1g2 1/2-1/2

[Event "CZE Ch women"]
[Site "Usti nad Labem"]
[Date "1996.??.??"]
[Round "1"]
[White "Urbankova, Eva"]
[Black "Boskova, H."]
[Result "1-0"]
[WhiteElo "2175"]
[BlackElo "1795"]
[PlyCount "41"]
[EventDate "1996.??.??"]
[Source "www.chesslib.no"]
[SourceDate "2004.05.04"]

1. d4 d5 2. c4 Nf6 3. cxd5 Nxd5 4. e4 Nb6 5. Nc3 c6 6. h3 e6 7. Nf3 Be7 8. Be2 N8d7 9. O-O Nf6 10. Be3 O-O 11. a4 a5 12. Qc2 Nbd7 13. Rfd1 b6 14. d5 exd5 15. exd5 cxd5 16. Nxd5 Bc5 17. Bg5 Bb7 18. Nxf6+ gxf6 19. Bh6 Rc8 20. Qf5 Bc6 21. Qg4+ 1-0